| 000 | 00800nam a22002177a 4500 | ||
|---|---|---|---|
| 005 | 20100802160751.0 | ||
| 010 | _aENG-97675 | ||
| 020 |
_a9788183221405 _c150.00 |
||
| 035 | _aEN-81208 | ||
| 037 | _bDBAD/PUB | ||
| 082 | _a650.1 | ||
| 100 |
_aMacdonald, Machen _95243 |
||
| 245 |
_aManaging the time of your life / _cby Machen Macdonald |
||
| 260 |
_aBhopal _bManjul Publishing House _c2010 |
||
| 270 |
_a2nd Floor, Usha Preet Complex, 42 Malviya Nagar _bBhopal _e462003 |
||
| 300 |
_a155p. _c20cm (pbk) |
||
| 650 |
_aSelf management (psychology) _95244 |
||
| 650 |
_aTime management _95245 |
||
| 942 |
_2ddc _cEN _h650.1 _mMAC |
||
| 999 |
_c38782 _d38782 |
||